Normal view MARC view
  • Sudhakar, A

Entry Personal Name

Number of records used in: 2

001 - CONTROL NUMBER

  • control field: 83277

003 - CONTROL NUMBER IDENTIFIER

  • control field: NUST

005 - DATE AND TIME OF LATEST TRANSACTION

  • control field: 20211020151238.0

008 - FIXED-LENGTH DATA ELEMENTS

  • fixed length control field: 211020|| aca||aabn | a|a d

040 ## - CATALOGING SOURCE

  • Original cataloging agency: NUST
  • Transcribing agency: NUST

100 ## - HEADING--PERSONAL NAME

  • Personal name: Sudhakar, A

670 ## - SOURCE DATA FOUND

  • Source citation: Work cat.: (NUST)33474: Sudhakar, A., Circuits and Networks, 2010.
© 2023 Central Library, National University of Sciences and Technology. All Rights Reserved.